Quizzes
Events
Quiz Creation
Community
Videos
Private Events
Remove Ads
Sign In
Join for FREE
Feedback
Dark Mode
Quiz Categories
Sports
Geography
Music
Movies
Television
Just For Fun
Miscellaneous
History
Literature
Language
Science
Gaming
Entertainment
Religion
Holiday
For Kids
Quiz Lab
Recent
Popular Today
Quiz Kudos Today
Editor Picks
Curator Picks
Quizzes by...
Day
Popularity
Type
Ratings
Length
Year
Community
Subscriptions
Recent Discussions
Orange Saloon
Badges
Playlists
Quests
Create
Leaderboards
Showdown
Live 5
Trivia Bingo
Activity
Puzzle Library
Sporcle Events
Private Events
Virtual Trivia
Globe League
Become a Host
Pub Owners
SporcleCon
Opinionation
Our Games
Videos
Blog
Mobile Apps
Partnerships
Remove Ads and Go Orange
Feedback
Music
Pop Music
The Beatles
Song
Album
Lyrics
Bands
Singers
Artist
Clip
Rock
Rap
Classical
Billboard
Country Music
Kpop
Taylor Swift
Music
Pop Music
The Beatles
Song
Album
Lyrics
Bands
Singers
Artist
Clip
Rock
Rap
Classical
Billboard
Country Music
Kpop
Taylor Swift
Random Quiz
Search Sporcle
×
Quiz Lab
Quiz Lab
Music
ten
Type in answers that appear in a list
Type in answers that appear in a list
Classic
Best Score? Go Orange.
Biggie's Ten Crack Commandments Stats
Can you name the Biggie's Ten Crack Commandments?
By
jfgi
6m
10 Questions
305 Plays
305 Plays
305 Plays
Comments
Comments
Give Quiz Kudos
Give Quiz Kudos
-
- Ratings
hide this ad
Replay
Link that replays current quiz
Next Quiz
Link to next quiz in quiz playlist
You Got
0%
They Got
Avg Score
36%
Avg Friend Score
Upgrade to see
Score Distribution
Jump to the score distribution portion of the page
Score
0/10
Timer
06:00
0
Plays Today
Commandment #
Commandment
% Correct
4th Commandment
Never get high, on your own supply.
87.5%
1st Commandment
Never let no one know, how much dough you hold.
49.5%
3rd Commandment
Never trust nobody.
48.5%
5th Commandment
Never sell no crack where you rest at.
47.9%
7th Commandment
Keep your family and business completely separated.
32.1%
8th Commandment
Never keep no weight on you.
31.8%
2nd Commandment
Never let 'em know your next move.
31.5%
6th Commandment
That God damn credit, dead it.
18.7%
10th Commandment
If you ain't got the clientele say hell no.
11.1%
9th Commandment
If you ain't gettin' bags stay the **** from police.
6.9%
Quiz Playlist
Details
Report
Send in Message
Add To Playlist
Classic:
Type in answers that appear in a list
Last Updated: Feb 16, 2017
Quiz Scoreboard
CHALLENGE
Sign Up to Join the Scoreboard
Show All
Scores
Hide
Comments
May contain spoilers
Recently Published
Decade Duel: World Leaders
by jenniferyan
History
4m
Alphabetical 'K' Countries by Flag Minefield
by ylime102
Geography
3m
Pick 6: Fruits
by JohnFran
Miscellaneous
15s
More to Explore
Quiz From the Vault
Featured Blog Post
15 Basketball Trivia Facts You Can Be March Mad About
hide this ad
You Might Also Like...
Tags
biggie
Commandment
crack
ten
Today's Top Quizzes in Music
Browse Music
hide this ad
Today's Top Quizzes in ten
Browse ten
Top Contributed Quizzes in Music
1
Taylor Swift All Songs (2024)
2
Taylor Swift Logic Puzzle
3
KPOP LOGIC QUIZ
4
Guess the Taylor Swift song (Mystery Song)
5
A Taylor Swift Logic Puzzle
6
Guess The Taylor Swift Lyrics Song #1
7
kpop group name match up
8
K-Pop : 100 Debut Songs (Part 1 of 3)
9
2 word kpop group match
10
Madness Songs By Image
Explore More
Trending Topics
Crossword
Kpop
Harry Potter
Anime
Marvel
NBA
Disney
Pokémon
Puzzle
Soccer
NFL
The Office
WWE
Country
Song
hide this ad
More By:
jfgi
Quiz
Plays
Rating
Category
Featured
Created
NBA Slam Dunk Champions
1,859
3.44
Sports
Jan 16, 2010
Eminem Songs
388
1.00
Music
Jan 25, 2010
Biggie's Ten Crack Commandments
305
1.00
Music
Mar 21, 2010
Fifa World Cup Germany 2006 Teams
232
3.33
Gaming
Jan 15, 2010
Go to Creator's Profile
Score Distribution
Quiz Creator Spotlight
jfgi
Follow
Send a Message
Quizzes Created
-
Created Quiz Play Count
-
More By This Creator
Popular Quizzes Today
1
Countries of Asia Without Outlines Minefield
2
Find the US States - No Outlines Minefield
3
Pick 6: Fruits
4
Alphabetical 'K' Countries by Flag Minefield
5
The Countries of the World
6
Find the Countries of Europe - No Outlines Minefield
7
Find the US States
8
US States
More Music Quizzes
Love Song - Lana Del Rey Lyrics
Quiz Lab
Trending Quizzes
Pick 6: Mountains
Pick 6: Harry Potter
Pick 6: Flags
Pick 6: NFL Teams
Pick 6: Movie Franchises
Recently Updated
Adaptations: Name the Title
pecheneg
NWSL Teams
pecheneg
Women's Final Four Teams by Year
bhenderson79
Presidents Quartet II
eogle
Anything But Clue(do)
eogle
Anything But Oceanian Capitals
eogle
Anything But 7
eogle
Anything But Thing
eogle
Word Ladder: February 29
pecheneg
Song Title Questions
pecheneg
Trending Topics
NBA
Harry Potter
Anime
Kpop
Marvel
Crossword
Disney
Soccer
Pokémon
WWE
Country
The Office
Song
Puzzle
NFL
Your Account Isn't Verified!
In order to create a playlist on Sporcle, you need to verify the email address you used during registration. Go to your
Sporcle Settings
to finish the process.
Report this User
Report this user for behavior that violates our
Community Guidelines
.
Details:
Send Report
Go to the Sporcle.com Mobile Site →
Comments